History Quiz

Random History or Grab Bag Quiz

History by Numbers Quiz Stats

 Plays Quiz Updated Oct 18, 2016

Challenge
Share
Tweet
Embed
Score 0/55 Timer 12:00
0 Plays Today
% Correct
George Washington
94.7%
German
94.2%
Germany
91.2%
Hawaii
90.3%
Alaska
90%
Italy
88.7%
John F. Kennedy
88.6%
Japan
87.2%
Abraham Lincoln
86.8%
Russian
80.1%
Polish
79.1%
Great Pyramid of Giza
79.1%
Josef Stalin
77.1%
Quebec
72.8%
Vladimir Lenin
71.6%
Vladimir Putin
70.8%
Franklin Roosevelt
69.3%
Hanging Gardens of Babylon
65.3%
United States
64%
Ontario
61.5%
Mikhail Gorbachev
61%
France
60.4%
Mexico
59%
Spain
57.6%
William McKinley
55.7%
William Henry Harrison
54.1%
Nero
54%
James Garfield
53.1%
% Correct
Czech
52.2%
Hungarian
49.3%
Augustus
48.7%
Romanian
46.1%
Texas Republic
43.7%
Boris Yeltsin
43.4%
Colossus of Rhodes
42.1%
Nova Scotia
39.8%
Lighthouse of Alexandria
39.4%
Bulgarian
37.7%
Slovak
36.6%
Zachary Taylor
36.4%
Warren G. Harding
34.9%
Caligula
30.8%
Nikita Khrushchev
29%
Dmitry Medvedev
28%
Leonid Brezhnev
26.9%
Confederate States
26.6%
New Brunswick
25.7%
Statue of Zeus at Olympia
25.7%
Temple of Artemis at Ephesus
25.4%
Albanian
23.8%
Claudius
21.4%
Yuriy Andropov
19.4%
Tiberius
17.7%
Mausoleum of Maussollos at Halicarnassus
17.5%
Konstantin Chernenko
10.9%

You're not logged in!

Compare scores with friends on all Sporcle quizzes.
Join for Free
OR
Log In

You Might Also Like...

Show Comments

Extras

Top Quizzes Today


Score Distribution

Your Account Isn't Verified!

In order to create a playlist on Sporcle, you need to verify the email address you used during registration. Go to your Sporcle Settings to finish the process.

Report this User

Report this user for behavior that violates our Community Guidelines.

Details: